| 000 | 01041nam a2200265 i 4500 | ||
|---|---|---|---|
| 001 | bg | ||
| 100 | 1 | _aBRÓZDA, Joanna | |
| 245 | 1 | 0 |
_aPolski przemysł okrętowy : _bstan aktualny i główne determinanty rozwoju / _cJoanna Brózda. |
| 260 |
_aSzczecin : _bWydawnictwo Uniwersytetu Szczecińskiego, _c2006. |
||
| 300 |
_a155 s. (w tym 1 k. złoż.) : _bil. ; _c24 cm. |
||
| 490 | 1 |
_aRozprawy i Studia / Uniwersytet Szczeciński, _x0860-2751 ; _vt. 603(671) |
|
| 500 | _aStreszcz. ang. | ||
| 500 | _aNa s. tyt. także t. 677 oznaczający nr kolejny serii Rozprawy i Studia do nr 74 wydawanej przez Wyższą Szkołę Pedagogiczną w Szczecinie. | ||
| 504 | _aBibliogr. s. 139-147. | ||
| 650 | 9 |
_aPrzemysł okrętowy _zPolska _yod 1989 r. |
|
| 830 | 0 |
_aRozprawy i Studia (Uniwersytet Szczeciński) ; _vt. 603(671) |
|
| 015 | _aPB 10199/2006 | ||
| 020 | _a8372415145 | ||
| 040 | _cBPK | ||
| 041 | 0 |
_apol _beng |
|
| 080 | _a629.5(438)"1989/..." | ||
| 920 | _a83-7241-514-5 | ||
| 942 | _cKS | ||
| 008 | s pl f |000 0 pol | ||
| 999 |
_c52200 _d52200 |
||
| 856 |
_uhttp://koha.tu.koszalin.pl/cgi-bin/koha/opac-detail.pl?biblionumber=52200 _yKatalog online BPK |
||